| 000 | 00366nam a2200145Ia 4500 | ||
|---|---|---|---|
| 005 | 20251222152610.0 | ||
| 008 | 251222s9999||||xx |||||||||||||| ||spa|| | ||
| 020 | _a8425332508 | ||
| 082 | _a863.64/V35 | ||
| 100 | _aVázquez Montalvan,Manuel | ||
| 245 | 0 | _aCrónica Sentimental de España | |
| 250 | _a1ra.ed. | ||
| 264 | _bGrijalbo Mondadori, S.A. | ||
| 942 | _cLIB | ||
| 999 |
_c26937 _d26937 |
||